| 000 | 01566nam0a2200349 4500 | ||
|---|---|---|---|
| 001 | RU\NLR\bibl\974474 | ||
| 005 | 20260408064147.0 | ||
| 010 |
_a5-7253-1360-3 _9100 |
||
| 021 |
_aRU _b2006-41358 _92070 |
||
| 035 | _a(NLR Aleph) 000962403 | ||
| 090 |
_a347737 _c347737 |
||
| 100 | _a20060811d2006 |||y0rusy50 ca | ||
| 101 | 0 | _arus | |
| 102 | _aRU | ||
| 105 | _aa ||||||||| | ||
| 200 | 1 |
_aАктуальные проблемы развития экономики современной России _eсборник научных трудов _fФедер. агентство по образованию, Байк. гос. ун-т экономики и права _g[отв. ред. А.Б. Каневский] |
|
| 210 |
_aИркутск _cИзд-во БГУЭП _d2006 |
||
| 215 |
_a183 с. _cил. _d21 |
||
| 320 | _aБиблиогр. в подстроч. прим. | ||
| 606 | 1 |
_aЭкономика _jСборники _91414491 _3RU\NLR\auth\66284709 |
|
| 607 |
_aРоссийская Федерация _jСборники _xНародное хозяйство _92106777 _3RU\NLR\auth\661273591 |
||
| 686 | _aУ.я43 | ||
| 686 | _aУ03(2Р)74я43 | ||
| 702 | 1 |
_aКаневский _bА. Б. _4340 |
|
| 711 | 0 | 2 |
_4070 _aБайкальский государственный университет экономики и права _cИркутск _3RU\NLR\AUTH\8810041217 _9581665 |
| 801 | 0 |
_aRU _bNLR _c20060811 _grcr |
|
| 801 | 1 |
_aRU _bNLR _c20060811 |
|
| 830 | _aРед. не раскрыть | ||
| 942 | _cBOOK | ||
| 980 | _aNB | ||
| 980 | _aNBR | ||